000 01247nam0a22003131 4500
001 rc\4849511
005 20260406144532.0
021 _aRU
_b[58-70569]
035 _a(NLR Aleph) 008813851
090 _a8178751
_c8178751
100 _a20130426d1958 |||y0rusy50 ca
101 0 _arus
102 _aRU
105 _aa z |||a|
200 1 _aДва товарища
_eРассказы для детей Л.Н. Толстого и К.Д. Ушинского
210 _aМосква
_cДетгиз
_d1958
215 _a32 с.
_cил.
_d20
225 1 _aШкольная библиотека
_i[Для начальной школы
_iДля начинающих читать
_vКн. 3]
300 _aНа обл. авт. не указаны
300 _aНа обороте тит. л. сост.: В.А. Гакина
700 1 _8rus
_7ca
_aТолстой
_bЛ. Н.
_f1828-1910
_gЛев Николаевич
_3RU\NLR\AUTH\771515
_9111537
701 1 _8rus
_7ca
_aУшинский
_bК. Д.
_f1823-1871
_gКонстантин Дмитриевич
_3RU\NLR\AUTH\774237
_9114219
702 1 _aГакина
_bВ.А.
_4220
801 0 _aRU
_bNLR
_gpsbo
801 1 _aRU
_bELAR
_2rusmarc
852 _aNLR
_j59-4/805
942 _cBOOK
980 _aNB